00483nam a22001817a 4500003000500000005001700005008004100022010001000063011001000073035001000083040000900093082001600102100002400118245007300142260004800215300002000263650001800283CHAP20220329140713.0971013s1975 r 00010 d a56309 a57281 a61435 cCHAP a595.764bZ300aZayas, Fernando de. aRevisión de la familia Cerambycidae (Coleóptera, Phytophagoidea) aLa Habana :bInstituto de Zoología,c1975 a442 p.b: ilus.14aCerambycidae.